<?xml version="1.0" encoding="UTF-8"?>
<record
    xmlns:xsi="http://www.w3.org/2001/XMLSchema-instance"
    xsi:schemaLocation="http://www.loc.gov/MARC21/slim http://www.loc.gov/standards/marcxml/schema/MARC21slim.xsd"
    xmlns="http://www.loc.gov/MARC21/slim">

  <leader>00774cam a2200217Mi 4500</leader>
  <datafield tag="020" ind1=" " ind2=" ">
    <subfield code="a">9783658142193</subfield>
  </datafield>
  <datafield tag="020" ind1=" " ind2=" ">
    <subfield code="a">3658142197</subfield>
  </datafield>
  <datafield tag="040" ind1=" " ind2=" ">
    <subfield code="c">EBLCP</subfield>
  </datafield>
  <datafield tag="082" ind1="0" ind2="4">
    <subfield code="a">629 RUA 2014 C161 Or.</subfield>
  </datafield>
  <datafield tag="245" ind1="1" ind2="0">
    <subfield code="a">7th International Munich Chassis Symposium 2016 :</subfield>
    <subfield code="b">chassis.tech plus /</subfield>
  </datafield>
  <datafield tag="300" ind1=" " ind2=" ">
    <subfield code="a">1 online resource (xxxi, 957 pages) :</subfield>
    <subfield code="b">illustrations.</subfield>
  </datafield>
  <datafield tag="490" ind1="1" ind2=" ">
    <subfield code="a">Proceedings</subfield>
  </datafield>
  <datafield tag="500" ind1=" " ind2=" ">
    <subfield code="a">4.4 EHCB-Bremssystem</subfield>
  </datafield>
  <datafield tag="650" ind1=" " ind2="0">
    <subfield code="a">Automobiles</subfield>
  </datafield>
  <datafield tag="700" ind1="1" ind2=" ">
    <subfield code="a">Pfeffer, Peter E.,</subfield>
  </datafield>
  <datafield tag="710" ind1="2" ind2=" ">
    <subfield code="a">Ohio Library and Information Network.</subfield>
  </datafield>
  <datafield tag="856" ind1="4" ind2="0">
    <subfield code="u">http://rave.ohiolink.edu/ebooks/ebc/9783658142193</subfield>
  </datafield>
  <datafield tag="856" ind1="4" ind2="0">
    <subfield code="u">http://link.springer.com/10.1007/978-3-658-14219-3</subfield>
  </datafield>
  <datafield tag="856" ind1="4" ind2="0">
    <subfield code="u">http://proxy.ohiolink.edu:9099/login?url=http://link.springer.com/10.1007/978-3-658-14219-3</subfield>
  </datafield>
  <datafield tag="942" ind1=" " ind2=" ">
    <subfield code="c">AEDBB</subfield>
  </datafield>
  <datafield tag="999" ind1=" " ind2=" ">
    <subfield code="c">19117</subfield>
    <subfield code="d">19117</subfield>
  </datafield>
  <datafield tag="952" ind1=" " ind2=" ">
    <subfield code="0">0</subfield>
    <subfield code="1">0</subfield>
    <subfield code="4">0</subfield>
    <subfield code="6">629_000000000000000_RUA_2014_C161_OR</subfield>
    <subfield code="7">0</subfield>
    <subfield code="9">83934</subfield>
    <subfield code="a">LBC</subfield>
    <subfield code="b">LBC</subfield>
    <subfield code="c">C161</subfield>
    <subfield code="d">2020-03-13</subfield>
    <subfield code="e">A35036</subfield>
    <subfield code="o">629 RUA 2014 C161 Or.</subfield>
    <subfield code="r">2020-03-13</subfield>
    <subfield code="w">2020-03-13</subfield>
    <subfield code="y">EK</subfield>
  </datafield>
</record>
